| 000 | 01154cam a2200217 4500 | ||
|---|---|---|---|
| 001 | WB3746-05 | ||
| 008 | 011206n2001 000 0 eng u | ||
| 035 | _a(Sirsi) u115893 | ||
| 245 | _aRestrictive covenants | ||
| 260 | _c2001 | ||
| 490 |
_aEstates Gazette _v[2001] 48 EG 130 CS (1/12/01) |
||
| 520 | _a"Whitgift Homes and others v Stocks and others", CA 21 November 2001. Defendant (W) appealed against HC decision enforcing restrictive covenants on the grounds that mutually enforceable covenants were annexed to the land. CA upheld the annexation issue but ruled that that building scheme did not apply to the whole estate. Appeal allowed in part. Full copy of judgment available on http://porch.ccta.gov.uk/courtser/judgements.nsf/Search/CCF5F22DED294C1280256B12003AF8D2?OpenDocument. | ||
| 590 | _aWB | ||
| 650 | _aWHITGIFT HOMES V STOCKS | ||
| 650 | _aRESTRICTIVE COVENANT | ||
| 650 | _aFEDERATED HOMES LTD V MILL LODGE PROPERTIES LTD | ||
| 650 | _aLAW OF PROPERTY ACT 1925 | ||
| 690 | _aPROPERTY | ||
| 856 | _uhttps://porch.ccta.gov.uk/courtser/judgements.nsf/Search/CCF5F22DED294C1280256B12003AF8D2?OpenDocument | ||
| 942 | _n0 | ||
| 999 |
_c69040 _d69040 |
||